Owen Glen /

Bibliographic Details
Main Author: Williams, Ben Ames, 1889-1953
Format: Book
Language:English
Published: Boston : Houghton Mifflin, 1950.

MARC

Tag First Indicator Second Indicator Subfields
LEADER 00000cam a2200000 4500
001 in00000036369
005 20151007060836.0
008 740430s1950 mau 00001 eng u
010 |a  50013084  
035 |a (OCoLC)00872672 
035 |9 AAD0358AM 
040 |c FAU  |d TXA  |d UtOrBLW 
049 |a TXAM  |c [181936] 
050 0 |a PZ3.W67  |b Ow 
090 |a PS3545.I5115  |b O93 1950 
092 |a 813  |b W721o 
100 1 |a Williams, Ben Ames,  |d 1889-1953. 
245 1 0 |a Owen Glen /  |c Ben Ames Williams. 
264 1 |a Boston :  |b Houghton Mifflin,  |c 1950. 
300 |a 629 pages ;  |c 22cm. 
336 |a text  |b txt  |2 rdacontent 
337 |a unmediated  |b n  |2 rdamedia 
338 |a volume  |b nc  |2 rdacarrier 
999 |a MARS 
999 f f |s 5f8e7ce5-fead-3a1b-9d93-7f9c9105f23c  |i 2a459ea8-3bc4-33b0-98c1-91e306c20ea5  |t 0 
952 f f |p ric  |a Texas A&M University  |b Rellis Campus  |c Joint Library Facility  |d Remote Storage  |t 0  |e PS3545.I5115 O93 1950  |h Library of Congress classification  |i unmediated -- volume  |m A14801255150 
998 f f |a PS3545.I5115 O93 1950  |t 0  |l Remote Storage